Central Library OPAC University of Rajshahi

Identification of mineral grains : (Record no. 10777)

MARC details
000 -LEADER
fixed length control field 00855nam a22002532 4500
001 - CONTROL NUMBER
control field 10777
003 - CONTROL NUMBER IDENTIFIER
rucl marc code BD-RjUL
005 - DATE AND TIME OF LATEST TRANSACTION
control field 20211208235020.0
008 - FIXED-LENGTH DATA ELEMENTS--GENERAL INFORMATION
fixed length control field 140125s1965 ne 001 0 eng c
035 ## - SYSTEM CONTROL NUMBER
System control number (BD-RjUL)10826
040 ## - CATALOGING SOURCE
Original cataloging agency DLC/ICU
Transcribing agency CGU
Modifying agency BD-RjUL
Language of cataloging eng
041 ## - LANGUAGE CODE
Language code of text/sound track or separate title eng
082 00 - DEWEY DECIMAL CLASSIFICATION NUMBER
Classification number 549.1
Author mark and year JOI 1965
100 1# - MAIN ENTRY--PERSONAL NAME
Personal name Jones, Meurig P.
9 (RLIN) 33332
245 10 - TITLE STATEMENT
Title Identification of mineral grains :
Remainder of title a systematic approach to the determination of minerals for mineral processing engineers and students /
Statement of responsibility, etc. by Meurig P. Jones and Marston G. Fleming.
260 ## - PUBLICATION, DISTRIBUTION, ETC. (IMPRINT)
Place of publication, distribution, etc. Amsterdam ;
-- New York :
Name of publisher, distributor, etc. Elsevier Pub. Co.,
Date of publication, distribution, etc. 1965.
300 ## - PHYSICAL DESCRIPTION
Pagination 102 p. :
Size 23 cm.
Illustrations ill. ;
504 ## - BIBLIOGRAPHY, ETC. NOTE
Bibliography, etc Includes index.
650 #0 - SUBJECT ADDED ENTRY--TOPICAL TERM
Topical term or geographic name as entry element Mineralogy, Determinative.
9 (RLIN) 33333
700 1# - ADDED ENTRY--PERSONAL NAME
Personal name Fleming, Marston G.
942 ## - ADDED ENTRY ELEMENTS (KOHA)
Source of classification or shelving scheme Dewey Decimal Classification
Koha item type Books
Holdings
Lost status Source of classification or shelving scheme Damaged status Not for loan Collection code Permanent Location Current Location Shelving location Date acquired Source of acquisition Cost, normal purchase price Total Checkouts Full call number Date last seen Copy number Koha item type
  Dewey Decimal Classification   Not For Loan Non-fiction Central Library, University of Rajshahi Central Library, University of Rajshahi Reading Room 08/10/1964 Zeitlinger 36.60   549.1 JOI 1965 25/01/2014 C-1 Books